000 00248nam a2200109Ia 4500
008 190216s9999||||xx |||||||||||||| ||und||
100 _aKurup
245 0 _aCrastation Antha Sraviyam
260 _bM M Publication
650 _aZoology
942 _cBK
999 _c39651
_d39651